书目信息 |
| 题名: |
项目管理实践
|
|
| 作者: | 曼特尔 , 梅瑞狄斯, , 谢弗, 著 ;魏青江 译 | |
| 分册: | ||
| 出版信息: | 北京 电子工业出版社 2007.05 |
|
| 页数: | 336页 | |
| 开本: | 24cm | |
| 丛书名: | 项目管理核心资源库 | |
| 单 册: | ||
| 中图分类: | F224.5 | |
| 科图分类: | ||
| 主题词: | 项目管理--xiang mu guan li--高等学校--教材 | |
| 电子资源: | ||
| ISBN: | 978-7-121-04119-8 | |
| 000 | 01616nam 2200349 450 | |
| 001 | 012007885845 | |
| 005 | 20071124111330.57 | |
| 010 | @a978-7-121-04119-8@dCNY49.00 (含光盘) | |
| 100 | @a20071124d2007 km y0chiy0120 ea | |
| 101 | 1 | @achi@ceng |
| 102 | @aCN@b110000 | |
| 105 | @ay z 000yy | |
| 106 | @ar | |
| 200 | 1 | @a项目管理实践@Axiang mu guan li shi jian@d= Project management in practice@f(美) 小塞缪尔·J. 曼特尔 ... [等] 著@F(mei)xiao sai miao er·J.man te er...[deng]zhu@g魏青江译@Gwei qing jiang yi@zeng |
| 210 | @a北京@c电子工业出版社@d2007.05 | |
| 215 | @a336页@d24cm@e光盘1片 | |
| 225 | 2 | @a项目管理核心资源库@Axiang mu guan li he xin zi yuan ku |
| 304 | @a题名页题 : (美) 小塞缪尔·J·曼特尔, 杰克·R·梅瑞狄斯, 斯科特·M·谢弗, 玛格丽特·M·萨顿著 | |
| 305 | @a据John Wiley & Sons, Inc.2005年英文版第2版译出 | |
| 306 | @a由John Wiley & Sons, Inc.授权电子工业出版社出版 | |
| 307 | @a光盘 ISBN : 978-7-89485-246-5 | |
| 330 | @a本书着重于项目管理的可操作性和实践性,减少枯燥理论的研究,从项目管理的技术角度,以项目生命周期为展开线索,列举了更多、更丰富的最新案例,穿插了更多相关的图表,生动透彻地阐述了项目管理在实践中的应用。 | |
| 410 | 0 | @12001 @a项目管理核心资源库 |
| 500 | 10 | @aProject management in practice@mChinese |
| 606 | 0 | @a项目管理@Axiang mu guan li@x高等学校@j教材 |
| 690 | @aF224.5@v4 | |
| 701 | 1 | @a曼特尔@Aman te er@g(Mantel, Samuel J. Jr.)@4著 |
| 701 | 1 | @a梅瑞狄斯,@Amei rui di si@b杰克·R.@4著 |
| 701 | 1 | @a谢弗,@Axie fu@b斯科特·M.@4著 |
| 702 | 0 | @a魏青江@Awei qing jiang@4译 |
| 801 | 0 | @aCN@bQSSK@c20071124 |
| 905 | @b268176-77@dF224.5@eM313@f2 | |
| 项目管理实践= Project management in practice/(美) 小塞缪尔·J. 曼特尔 ... [等] 著/魏青江译.-北京:电子工业出版社,2007.05 |
| 336页;24cm+光盘1片.-(项目管理核心资源库) |
| ISBN 978-7-121-04119-8:CNY49.00 (含光盘) |
| 本书着重于项目管理的可操作性和实践性,减少枯燥理论的研究,从项目管理的技术角度,以项目生命周期为展开线索,列举了更多、更丰富的最新案例,穿插了更多相关的图表,生动透彻地阐述了项目管理在实践中的应用。 |
| ● |
| 相关链接 |
|
|
|
正题名:项目管理实践
索取号:F224.5/M313
 
预约/预借
| 序号 | 登录号 | 条形码 | 馆藏地/架位号 | 状态 | 备注 |
| 1 | 268176 | 202681767 | 社科库409/409社科库 73排3列4层/ [索取号:F224.5/M313] | 在馆 | |
| 2 | 268177 | 202681776 | 社科库409/409社科库 73排3列4层/ [索取号:F224.5/M313] | 在馆 |